000
00329nam a22001457a 4500
008
210310b ||||| |||| 00| 0 eng d
020
_a
0808910272
041
_a
eng
080
_a
618
082
_a
618
100
_a
10
101
_a
GJN
245
_a
New Concepts in Endocrinology and Metabolism
_c
Rose,I.L
942
_2
udc
_c
BK
999
_c
56256
_d
56256